Music Quiz

Random Music or Famous Quiz

Famous Trio Bands Quiz Stats

Quiz Updated Feb 12, 2014

Challenge
Share
Tweet
Score 0/18 Timer 04:00
6 Plays Today
Band % Correct
ZZ Top
85.1%
Green Day
84.1%
Destiny's Child
82%
Bee Gees
79.9%
The Police
76.4%
Supremes
69.1%
Run DMC
69%
The Dixie Chicks
64.8%
Nirvana
64.3%
Band % Correct
Jimi Hendrix Experience
57.6%
Blink 182
54.4%
Crosby Stills and Nash
51.6%
Genesis
46.6%
Rush
40.3%
Motorhead
37.1%
Stray Cats
28.9%
Cream
21.4%
Los Lonely Boys
15.7%

You're not logged in!

Compare scores with friends on all Sporcle quizzes.
Sign Up with Email
OR
Log In

You Might Also Like...

Show Comments

Extras

Top Quizzes Today


Score Distribution

Your Account Isn't Verified!

In order to create a playlist on Sporcle, you need to verify the email address you used during registration. Go to your Sporcle Settings to finish the process.